| 000 | 00784nam a2200241Ia 4500 | ||
|---|---|---|---|
| 003 | GCL | ||
| 008 | 140319s9999 xx 000 0 ara d | ||
| 040 |
_aGCL / _cGCL |
||
| 082 | 0 | 4 |
_a632.4 _bم س |
| 100 | 1 | _aمجدى محى الدين محمد سعد | |
| 245 | 1 | 0 |
_aالسموم الفطرية : مشكلة زراعة بيئة صحية / _cمجدى محى الدين محمد سعد |
| 260 |
_a[S.N] : _bلجنة الاعلام والدراسات المستقبلية ، _c1991 |
||
| 300 | _a180 | ||
| 490 | _a | ||
| 650 | 0 | 4 | _aالكيمياء |
| 650 | 0 | 4 | _aالوقاية |
| 650 | 0 | 4 | _aالسموم |
| 650 | 0 | 4 | _aالوقاية الزراعية |
| 650 | 0 | 4 | _aالتسمم |
| 650 | 0 | 4 | _aالنباتات السامة |
| 650 | 0 | 4 | _aالفطريات |
| 942 |
_2ddc _cBK |
||
| 999 |
_c29314 _d29314 |
||